A bolsa amarela (Record no. 123636)
[ view plain ]
| 000 -LÍDER | |
|---|---|
| campo de controle de tamanho fixo | 01197 a2200253 4500 |
| 001 - NÚMERO DE CONTROLE | |
| campo de controle | 123636 |
| 020 ## - ISBN - INTERNATIONAL STANDARD BOOK NUMBER | |
| ISBN - International Standard Book Number | 8589020037 |
| 040 ## - FONTE DA CATALOGAÇÃO | |
| Instituição que transcreveu o registro | Escola Canadense de Niteroi |
| 090 ## - NÚMERO DE CHAMADA LOCAL | |
| Número de chamada (OCLC) (R); Número de chamada, CALL (RLIN) (NR) | BOJ |
| 100 ## - ENTRADA PRINCIPAL--NOME PESSOAL | |
| Nome pessoal | Bojunga, Lygia |
| 245 10 - TÍTULO | |
| Título | A bolsa amarela |
| 250 ## - EDIÇÃO | |
| Edição | 35. ed. |
| 260 ## - PUBLICAÇÃO, DISTRIBUIÇÃO, ETC. | |
| Local de publicação, distribuição, etc. | Rio de Janeiro |
| 300 ## - DESCRIÇÃO FÍSICA | |
| Extensão | 140 p. |
| Outros detalhes físicos | il. |
| 362 0# - DATAS DE PUBLICAÇÃO E/OU DESIGNAÇÃO SEQUENCIAL | |
| Datas de publicação e/ou designação sequencial | 2015 |
| 520 ## - NOTA DE RESUMO, ETC | |
| Resumo, etc. | É o romance de uma menina que entra em conflito consigo mesma e com a família ao reprimir três grandes vontades (que ela esconde numa bolsa amarela). A partir dessa revelação- por si mesma uma contestação à estrutura familiar tradicional em cujo meio criança não tem vontade. Essa menina sensível e imaginativa nos conta o seu dia-a-dia, juntando o mundo real da família ao mundo criado por sua imaginação fértil e povoado de amigos secretos e fantasias. Ao mesmo tempo que se sucedem episódios reais e fantásticos, uma aventura espiritual se processa, e a menina segue rumo à sua afirmação como pessoa. |
| 650 #4 - ASSUNTO--TERMO TÓPICO | |
| Cabeçalho tópico ou nome geográfico | Literatura Infanto Juvenil |
| 650 #4 - ASSUNTO--TERMO TÓPICO | |
| Cabeçalho tópico ou nome geográfico | Imaginação |
| 650 #4 - ASSUNTO--TERMO TÓPICO | |
| Cabeçalho tópico ou nome geográfico | Autoconhecimento |
| 650 #4 - ASSUNTO--TERMO TÓPICO | |
| Cabeçalho tópico ou nome geográfico | Literatura Brasileira |
| 650 #4 - ASSUNTO--TERMO TÓPICO | |
| Cabeçalho tópico ou nome geográfico | Mudanças |
| 650 #4 - ASSUNTO--TERMO TÓPICO | |
| Cabeçalho tópico ou nome geográfico | Ficção Realista |
| 942 ## - ELEMENTOS DE ENTRADA ADICIONADOS (KOHA) | |
| Tipo de material Koha | Livros |
| Situação do descarte | Situação das perdas | Situação física | Não pode ser emprestado | Biblioteca de origem | Biblioteca atual | Data de aquisição | Total de empréstimos | Número de chamada completo | Código de barras | Devolução em | Data de último acesso | Data do último empréstimo | Data do preço efetivo | Tipo de material Koha |
|---|---|---|---|---|---|---|---|---|---|---|---|---|---|---|
| Canadian School of Niterói - Itacoatiara | Canadian School of Niterói - Itacoatiara | 09/02/2024 | BOJ | A13225 | 09/02/2024 | 09/02/2024 | Livros | |||||||
| Canadian School of Niterói - Itacoatiara | Canadian School of Niterói - Itacoatiara | 09/02/2024 | BOJ | A14734 | 09/02/2024 | 09/02/2024 | Livros | |||||||
| Canadian School of Niterói - Itacoatiara | Canadian School of Niterói - Itacoatiara | 09/02/2024 | 1 | BOJ | A29710 | 06/12/2024 | 17/06/2024 | 17/06/2024 | 09/02/2024 | Livros | ||||
| Canadian School of Niterói - Itacoatiara | Canadian School of Niterói - Itacoatiara | 09/02/2024 | 1 | BOJ | A29711 | 05/03/2024 | 21/02/2024 | 09/02/2024 | Livros | |||||
| Canadian School of Niterói - Piratininga | Canadian School of Niterói - Piratininga | 09/02/2024 | 1 | BOJ | A12724 | 02/08/2024 | 02/08/2024 | 02/08/2024 | 09/02/2024 | Livros | ||||
| Canadian School of Niterói - Piratininga | Canadian School of Niterói - Piratininga | 09/02/2024 | BOJ | A14428 | 14/08/2024 | 09/02/2024 | Livros | |||||||
| Canadian School of Niterói - Piratininga | Canadian School of Niterói - Piratininga | 09/02/2024 | 1 | BOJ | A12610 | 02/08/2024 | 02/08/2024 | 02/08/2024 | 09/02/2024 | Livros |